Le Mans : Associez la station de tramway à sa ligne - Statistiques

Statistiques générales
  • Ce quiz a été pris 45 fois
  • Le résultat moyen est 24 sur 35
Statistiques - réponses
Hint Réponse % Correct
Bellevue - Hauts de Coulaines T2
89%
Épau - Gué Bernisson T2
89%
Université T1
86%
Éperon - Cité Plantagenêt T1
86%
Antarès - Stade Marie Marvingt T1
86%
Maillets-Banjan T2
83%
Comtes du Maine - Office du Tourisme T2
83%
Espal - Arche de la Nature T2
81%
Campus-Ribay T1
78%
Hôpital T1
78%
Théodore Monod T1
78%
Maillets-Zamenhof T2
78%
Haute Venelle - Clinique du Pré T1
75%
Cadran - Épine T1
75%
Jacobins-Quinconces T2
75%
Île aux Sports T2
75%
Lafayette T1
72%
Guetteloup - Pôle Santé Sud T1
72%
Croix de Pierre T2
72%
Atlantides-Sablons T2
72%
Gambetta - Muriers T1
67%
République T1
67%
Glonnières - Centre Sud T1
64%
Churchill T2
64%
Goya T1
61%
Pontlieue T1
56%
Jules Raimu T1
56%
Zola TC
56%
Saint-Martin TC
56%
Leclerc-Fleurus TC
53%
Gares TC
53%
Durand-Vaillant T1
50%
Préfecture TC
50%
Jaurès-Pavillon TC
50%
Viaducs TC
47%
Aucun quiz correspondant
Distribution des résultats
% des personnes avec chaque résultat
Percentile par nombre de réponses
Votre historique - résultats
Vous n’avez pas pris ce quiz